Capital Cities With No Airports - Statistics

General Stats
  • This quiz has been taken 25 times
  • The average score is 5 of 6
Answer Stats
Answer % Correct
Monaco
96%
Vatican City
96%
San Marino
88%
Andorra la Vella
84%
Vaduz
84%
Ngerulmud
24%
No matching quizzes found
Score Distribution
Percent of People with Each Score
Percentile by Number Answered
Your Score History
You have not taken this quiz